000 00585nam a22001817a 4500
005 20260303111743.0
008 260303b |||||||| |||| 00| 0 eng d
020 _a9789387791152
040 _cVITAP
082 _223
_a658 RAV
100 _aRavi, N Ed.
_917169
245 _aThe Hindu Speaks on Management, Volume II
_c/ N. Ravi Ed.
260 _aChennai
_bTHG Publishing Pvt. Ltd
_c2018
300 _avii, 346p.: 21cm
500 _aIt include index pages
650 0 _aManagerial Skills, Strategy, Organizational Issues, Human Resources Development etc.
_917170
942 _2ddc
_cBK
999 _c47311
_d47311